000 00609nam a2200241Ia 4500
003 OSt
005 20221007104251.0
006 a|||||r|||| 00| 0
007 ta
008 221006b |||||||| |||| 00| 0 eng d
024 _a15,354
037 _cTextual
040 _aLCO
_cLCO
_beng
041 _2eng
_aeng
082 _aZ2,91, N2
100 _aDhyani S.N.
245 0 _aFundamentals of Jurisprudence
260 _aAllahabad
_bCentral Law Agency India
_c1992
300 _a284
650 _aJURISPRUDENCE
942 _hZ2,91, N2
_cTEXL
999 _c1184917
_d1184917